Basic instruments and selected documents

שמור ב:
מידע ביבליוגרפי
פורמט: ספר
שפה:Undetermined
יצא לאור: Geverva General Agreement 1969
נושאים:
תגים: הוספת תג
אין תגיות, היה/י הראשונ/ה לתייג את הרשומה!
Thư viện lưu trữ: Trung tâm Học liệu Trường Đại học Cần Thơ
LEADER 00474nam a2200169Ia 4500
001 CTU_81342
008 210402s9999 xx 000 0 und d
082 |a 343 
082 |b B311 
245 0 |a Basic instruments and selected documents 
245 0 |c General Agreement 
260 |a Geverva 
260 |b General Agreement 
260 |c 1969 
650 |a International economic relations 
904 |i Trọng Hải 
980 |a Trung tâm Học liệu Trường Đại học Cần Thơ